000 00491nam a22001695i 4500
001 102845
003 ES-MaACL
007 t|
008 950926s1878 fr ||||1| fre d
040 _aCAM
_bspa
_cCAM
100 1 _aEspinas, Alfred.
_947849
245 1 4 _aDes sociétés animales /
_cpar Alfred Espinas.
250 _a2ª ed.
260 _aParis :
_bLibrairie Germer Baillière et Cie.,
_c1878 (
_eDijon :
_fImp. Darantiere)
300 _a588 p. ;
_c21 cm.
852 _aES-MaACL
_jB-6372
999 _c102845
_d102845